Statistiques concernant Culture Générale - Série 770

Cliquez ici pour prendre le quiz!

Statistiques générales

  • Ce quiz a été pris 394 fois
  • Le résultat moyen est 7 sur 10

Statistiques - réponses

QuestionRéponse% Correct
Complétez ce slogan publicitaire culte des années 1980 : "Reviens Léon, j'ai les mêmes à la...maison
93%
Complétez le nom de l'émission culte où Jacques Martin invitait des enfants à chanter : "L'école des...fans
90%
Quel ancien footballeur professionnel joue son propre rôle dans le film "Looking For Eric" ?Eric Cantona
85%
Complétez cette phrase dont Socrate fit sa devise : "Connais-toi...toi-même
82%
Complétez ce slogan de mai 1968 : "Il est interdit...d'interdire
78%
Quel chien, créé par Schultz, philosophe sur le toit de sa niche ?Snoopy
59%
Quel maire de Paris a uni civilement Eva Longoria et Tony Parker en 2007 ?Bertrand Delanoë
55%
Quel singe, vivant dans les forêts de la République démocratique du Congo, est aussi appelé "chimpanzé nain" ?bonobo
40%
Quel est le nom de la veste en soie portée par les jockeys ?casaque
40%
Quelle célèbre top-modèle brésilienne, prénommée Gisele, a été la compagne de Leonardo DiCaprio ?Gisele Bündchen
37%

Distribution des résultats

Percentile par nombre de réponses

% des personnes avec chaque résultat

Votre développement - résultats

Vous n’avez pas pris ce quiz